00578cam a22002291 4500001001300000003000400013005001700017008004100034010001700075025001900092035002000111040002100131042001200152050001700164100003200181245003200213260001000245300003100255500001300286600003200299999001700331sa 67007220 DLC20260227112414.0940720s1964 ii ac 000 0 urdo  asa 67007220  aPL480:I-U-1269 a(OCoLC)30799331 aDLCcCUdCUdDLC apremarc00aBP80.B24bN61 aNomani, Laieq Ahmed,d1918-10aSirāt-i Bandāh Navāz. c1964. a76 p.bill., port.c18 cm. aIn Urdu.00aBandah Navāz,d1321-1422. c76442d76442